| Tag |
First Indicator |
Second Indicator |
Subfields |
| LEADER |
00000cam a2200000 a 4500 |
| 001 |
in00000565377 |
| 005 |
20151014062430.0 |
| 008 |
850806s1984 mnua b 10000 eng |
| 010 |
|
|
|a 84072461
|
| 020 |
|
|
|a 0890540640 (pbk.)
|
| 035 |
|
|
|a (OCoLC)11619053
|
| 035 |
|
|
|9 ACN1834AM
|
| 039 |
0 |
|
|a 2
|b 3
|c 3
|d 3
|e 3
|
| 040 |
|
|
|a DLC
|c DLC
|d TXA
|d UtOrBLW
|
| 043 |
|
|
|a cl-----
|
| 049 |
|
|
|a TXAM
|c [A08585988]
|
| 050 |
0 |
0 |
|a SB608.C6
|b C63 1984
|
| 082 |
0 |
|
|a 633.7/39425
|2 19
|
| 245 |
0 |
0 |
|a Coffee rust in the Americas /
|c edited by Robert H. Fulton ; with a foreword by Richard A. Frederiksen.
|
| 264 |
|
1 |
|a St. Paul, Minn. :
|b American Phytopathological Society,
|c [1984]
|
| 264 |
|
4 |
|c ©1984
|
| 300 |
|
|
|a 120 pages :
|b illustrations ;
|c 22 cm.
|
| 336 |
|
|
|a text
|b txt
|2 rdacontent
|
| 337 |
|
|
|a unmediated
|b n
|2 rdamedia
|
| 338 |
|
|
|a volume
|b nc
|2 rdacarrier
|
| 490 |
1 |
|
|a Symposium book / American Phytopathological Society ;
|v no. 2
|
| 500 |
|
|
|a "Presentations from a symposium ... held in conjunction with the annual meeting of the American Phytopathological Society, August 9, 1982, in Salt Lake City, UT"--Title page verso.
|
| 504 |
|
|
|a Bibliography: pages 105-120.
|
| 650 |
|
0 |
|a Coffee rust disease
|z Latin America
|x Congresses.
|
| 650 |
|
0 |
|a Hemileia vastatrix
|x Control
|z Latin America
|x Congresses.
|
| 700 |
1 |
|
|a Fulton, Robert H.
|
| 830 |
|
0 |
|a Symposium book (American Phytopathological Society) ;
|v no. 2.
|
| 999 |
|
|
|a MARS
|
| 999 |
f |
f |
|s 4c5c7ee4-b1fb-30ce-a01f-70cfbe4c71be
|i 37382748-b77b-3c6b-9237-63be94f6c5e9
|t 0
|
| 952 |
f |
f |
|p ric
|a Texas A&M University
|b Rellis Campus
|c Joint Library Facility
|d Remote Storage
|t 0
|e SB608.C6 C63 1984
|h Library of Congress classification
|i unmediated -- volume
|m A14808585988
|
| 998 |
f |
f |
|a SB608.C6 C63 1984
|t 0
|l Remote Storage
|